MARC details
| 000 -LEADER |
| fixed length control field |
04996cam a2200469 i 4500 |
| 001 - CONTROL NUMBER |
| control field |
om962581304 |
| 003 - CONTROL NUMBER IDENTIFIER |
| control field |
EG-ScBUE |
| 005 - DATE AND TIME OF LATEST TRANSACTION |
| control field |
20240211134627.0 |
| 008 - FIXED-LENGTH DATA ELEMENTS--GENERAL INFORMATION |
| fixed length control field |
180817t2020 ua ah f b 001 0 eng d |
| 020 ## - INTERNATIONAL STANDARD BOOK NUMBER |
| International Standard Book Number |
9789774168918 |
| 040 ## - CATALOGING SOURCE |
| Original cataloging agency |
YDX |
| Language of cataloging |
eng |
| Description conventions |
rda |
| Transcribing agency |
YDX |
| Modifying agency |
BDX |
| -- |
OCLCQ |
| -- |
A7U |
| -- |
OCLCO |
| -- |
MEAUC |
| -- |
OCLCF |
| -- |
AVA |
| -- |
AMH |
| -- |
DGW |
| -- |
CBY |
| -- |
S1C |
| -- |
ZAQ |
| -- |
OCL |
| -- |
NJR |
| -- |
EG-ScBUE |
| 043 ## - GEOGRAPHIC AREA CODE |
| Geographic area code |
ma----- |
| 082 04 - DEWEY DECIMAL CLASSIFICATION NUMBER |
| Classification number |
741.6 |
| Edition number |
22 |
| Item number |
SHE |
| 100 1# - MAIN ENTRY--PERSONAL NAME |
| Personal name |
Shehab, Bahia, |
| Relator term |
author. |
| 245 12 - TITLE STATEMENT |
| Title |
A history of Arab graphic design / |
| Statement of responsibility, etc |
Bahia Shehab and Haytham Nawar. |
| 264 #1 - PUBLICATION, DISTRIBUTION, ETC. (IMPRINT) |
| Place of publication, distribution, etc |
Cairo ; |
| -- |
New York : |
| Name of publisher, distributor, etc |
The American University in Cairo Press, |
| Date of publication, distribution, etc |
[2020] |
| 264 #4 - PUBLICATION, DISTRIBUTION, ETC. (IMPRINT) |
| Date of publication, distribution, etc |
©2020 |
| 300 ## - PHYSICAL DESCRIPTION |
| Extent |
382 pages : |
| Other physical details |
illustrations (chiefly color), facsimiles ; |
| Dimensions |
24 cm |
| 336 ## - CONTENT TYPE |
| Content type term |
text |
| Content type code |
txt |
| Source |
rdacontent |
| 336 ## - CONTENT TYPE |
| Content type term |
still image |
| Content type code |
sti |
| Source |
rdacontent |
| 337 ## - MEDIA TYPE |
| Media type term |
unmediated |
| Media type code |
n |
| Source |
rdacontent |
| 338 ## - CARRIER TYPE |
| Carrier type term |
volume |
| Carrier type code |
nc |
| Source |
rdacarrier |
| 504 ## - BIBLIOGRAPHY, ETC. NOTE |
| Bibliography, etc |
Includes bibliographical references and index. |
| 505 00 - FORMATTED CONTENTS NOTE |
| Title |
Pre-1900: Sources of Inspiration for Arab Design : Decoding Islamic Visual Language -- |
| -- |
Early Arabic Printing -- |
| -- |
1900-1919: Artists and Calligraphers: Early Designers : Foundation of Art Education in the Arab World -- |
| -- |
Arabic Calligraphy Designers -- |
| -- |
Early Arab Advertising -- |
| -- |
Arab Philately -- |
| -- |
1920-1939: Design for the Masses : The Formation of Arab Magazines and Newspapers -- |
| -- |
The Arabic Typewriter -- |
| -- |
Design for Cinema -- |
| -- |
1940-1959: Arab Design and Modernity : Independence of Arab States -- |
| -- |
Design for Culture -- |
| -- |
Arabic for the People -- |
| -- |
The Father of Sudanese Graphic Design -- |
| -- |
Arab Graphic Design Pioneers -- |
| -- |
1960-1969: Arab Design and the Palestinian Resistance : The Emergence of the Resistance Poster -- |
| -- |
Arab Centers of Knowledge -- |
| -- |
The Problem of Arabic -- |
| -- |
Second-Generation Arab Designers -- |
| -- |
1970-1979: Arab Designers in Exile : The Lebanese Civil War -- |
| -- |
The Syrian Design School -- |
| -- |
Migrating Designers of Iraq -- |
| -- |
Design and Post-Socialism in Egypt -- |
| -- |
Arab African Design -- |
| -- |
Third-Generation Arab Designers -- |
| -- |
1980-1989: Design and the Search for a New Identity : Arabic Typography -- |
| -- |
Lebanese Limbo -- |
| -- |
Sudanese Designers in the Diaspora -- |
| -- |
Egyptian Design after the Open Door Policy -- |
| -- |
Fourth-Generation Arab Designers -- |
| -- |
1990-2000: Rebirth of Arab Design : Post-Lebanese Civil War Influx of Talent -- |
| -- |
Inspiring the Next Generation -- |
| -- |
The Artist Designs. |
| 520 8# - SUMMARY, ETC. |
| Summary, etc |
"Arab graphic design emerged in the early twentieth century out of a need to influence, and give expression to, the far-reaching economic, social, and political changes that were taking place in the Arab world at the time. But graphic design as a formally recognized genre of visual art only came into its own in the region in the twenty-first century and, to date, there has been no published study on the subject to speak of. A History of Arab Graphic Design traces the people and events that were integral to the shaping of a field of graphic design in the Arab world. Examining the work of over eighty key designers from Morocco to Iraq, and covering the period from pre-1900 to the end of the twentieth century, Bahia Shehab and Haytham Nawar chart the development of design in the region, beginning with Islamic art and Arabic calligraphy, and their impact on Arab visual culture, through to the digital revolution and the arrival of the Internet. They look at how cinema, economic prosperity, and political and cultural events gave birth to and shaped the founders of Arab graphic design. Highlighting the work of key designers and stunningly illustrated with 360 colour images, A History of Arab Graphic Design is an invaluable resource tool for graphic designers, one which, it is hoped, will place Arab visual culture and design on the map of a thriving international design discourse"-- |
| Assigning source |
Provided by publisher. |
| 650 #7 - SUBJECT ADDED ENTRY--TOPICAL TERM |
| Topical term or geographic name as entry element |
Graphic arts |
| Geographic subdivision |
Arab countries |
| Chronological subdivision |
20th century. |
| Source of heading or term |
BUEsh |
| 650 #7 - SUBJECT ADDED ENTRY--TOPICAL TERM |
| Topical term or geographic name as entry element |
Graphic design (Typography) |
| Geographic subdivision |
Arab countries |
| Chronological subdivision |
20th century. |
| Source of heading or term |
BUEsh |
| 650 #7 - SUBJECT ADDED ENTRY--TOPICAL TERM |
| Topical term or geographic name as entry element |
Graphic arts |
| Geographic subdivision |
Arab countries |
| Chronological subdivision |
20th century |
| Form subdivision |
Pictorial works. |
| Source of heading or term |
BUEsh |
| 650 #7 - SUBJECT ADDED ENTRY--TOPICAL TERM |
| Topical term or geographic name as entry element |
Graphic design (Typography) |
| Geographic subdivision |
Arab countries |
| Chronological subdivision |
20th century |
| Form subdivision |
Pictorial works. |
| Source of heading or term |
BUEsh |
| 650 #7 - SUBJECT ADDED ENTRY--TOPICAL TERM |
| Topical term or geographic name as entry element |
Graphic arts |
| Geographic subdivision |
Arab countries |
| Chronological subdivision |
21st century. |
| Source of heading or term |
BUEsh |
| 650 #7 - SUBJECT ADDED ENTRY--TOPICAL TERM |
| Topical term or geographic name as entry element |
Graphic design (Typography) |
| Geographic subdivision |
Arab countries |
| Chronological subdivision |
21st century. |
| Source of heading or term |
BUEsh |
| 650 #7 - SUBJECT ADDED ENTRY--TOPICAL TERM |
| Topical term or geographic name as entry element |
Graphic arts |
| Geographic subdivision |
Arab countries |
| Chronological subdivision |
21st century |
| Form subdivision |
Pictorial works. |
| Source of heading or term |
BUEsh |
| 650 #7 - SUBJECT ADDED ENTRY--TOPICAL TERM |
| Topical term or geographic name as entry element |
Graphic design (Typography) |
| Geographic subdivision |
Arab countries |
| Chronological subdivision |
21st century |
| Form subdivision |
Pictorial works. |
| Source of heading or term |
BUEsh |
| 650 #7 - SUBJECT ADDED ENTRY--TOPICAL TERM |
| Topical term or geographic name as entry element |
Posters |
| Geographic subdivision |
Arab countries |
| Chronological subdivision |
20th century |
| Form subdivision |
Pictorial works. |
| Source of heading or term |
BUEsh |
| 650 #7 - SUBJECT ADDED ENTRY--TOPICAL TERM |
| Topical term or geographic name as entry element |
Posters |
| Geographic subdivision |
Arab countries |
| Chronological subdivision |
21st century |
| Form subdivision |
Pictorial works. |
| Source of heading or term |
BUEsh |
| 653 ## - INDEX TERM--UNCONTROLLED |
| Arrived date list |
February2024 |
| Resource For college |
Engineering, Architecture |
| 655 #7 - INDEX TERM--GENRE/FORM |
| Genre/form data or focus term |
History. |
| Source of term |
fast |
| Authority record control number |
(OCoLC)fst01411628 |
| Form subdivision |
Reading book |
| 700 1# - ADDED ENTRY--PERSONAL NAME |
| Personal name |
Nawar, Haytham, |
| Relator term |
author. |
| 942 ## - ADDED ENTRY ELEMENTS (KOHA) |
| Source of classification or shelving scheme |
Dewey Decimal Classification |
| Koha item type |
Book - Borrowing |
| 949 ## - LOCAL PROCESSING INFORMATION (OCLC) |
| t |
NONCIRC |
| l |
_ULDEMAND |
| m |
I-UNIVLIB |
| o |
.PUBLIC. Books on Demand service for IUPUI University Library users only |
| -- |
.PUBLIC. Click the “Get this for IUPUI” button to submit a request. |